MLB Season ERA Leaders Since 2000 - Statistics

General Stats
  • This quiz has been taken 29 times
  • The average score is 150 of 250
Answer Stats
Year Rank Team RHP or LHP ERA Player % Correct
2014 3. CHW LHP 2.17 Chris Sale
100%
2017 6. BOS LHP 2.90 Chris Sale
100%
2024 ATL LHP 2.38 Chris Sale
100%
2009 8. LAD LHP 2.79 Clayton Kershaw
100%
2011 1. LAD LHP 2.28 Clayton Kershaw
100%
2012 1. LAD LHP 2.53 Clayton Kershaw
100%
2013 1. LAD LHP 1.83 Clayton Kershaw
100%
2014 1. LAD LHP 1.77 Clayton Kershaw
100%
2015 3. LAD LHP 2.13 Clayton Kershaw
100%
2017 2. LAD LHP 2.31 Clayton Kershaw
100%
2019 9. LAD LHP 3.03 Clayton Kershaw
100%
2011 4. DET RHP 2.40 Justin Verlander
100%
2012 3. DET RHP 2.64 Justin Verlander
100%
2018 5. HOU RHP 2.52 Justin Verlander
100%
2019 4. HOU RHP 2.58 Justin Verlander
100%
2022 HOU RHP 1.75 Justin Verlander
100%
2016 8. WSN RHP 2.96 Max Scherzer
100%
2017 3. WSN RHP 2.51 Max Scherzer
100%
2018 6. WSN RHP 2.53 Max Scherzer
100%
2019 8. WSN RHP 2.92 Max Scherzer
100%
2021 WSN/LAD RHP 2.46 Max Scherzer
100%
2024 DET LHP 2.39 Tarik Skubal
100%
2024 HOU LHP 2.91 Framber Valdez
95%
2015 6. NYM RHP 2.54 Jacob deGrom
95%
2018 1. NYM RHP 1.70 Jacob deGrom
95%
2019 2. NYM RHP 2.43 Jacob deGrom
95%
2020 NYM RHP 2.38 Jacob deGrom
95%
2021 PHI RHP 2.78 Zack Wheeler
95%
2024 PHI RHP 2.57 Zack Wheeler
95%
2009 6. STL RHP 2.63 Adam Wainwright
90%
2010 4. STL RHP 2.42 Adam Wainwright
90%
2014 5. STL RHP 2.38 Adam Wainwright
90%
2016 10. STL RHP 3.04 Carlos Martínez
90%
2009 4. SEA RHP 2.49 Félix Hernández
90%
2010 1. SEA RHP 2.27 Félix Hernández
90%
2014 2. SEA RHP 2.14 Félix Hernández
90%
2015 7. PIT RHP 2.60 Gerrit Cole
90%
2018 10. HOU RHP 2.88 Gerrit Cole
90%
2019 3. HOU RHP 2.50 Gerrit Cole
90%
2023 NYY RHP 2.63 Gerrit Cole
90%
2000 1. BOS RHP 1.74 Pedro Martinez
90%
2002 1. BOS RHP 2.26 Pedro Martinez
90%
2003 1. BOS RHP 2.22 Pedro Martinez
90%
2005 4. NYM RHP 2.82 Pedro Martinez
90%
2007 5. CLE RHP 3.06 Roberto Hernández
90%
2002 7. TOR RHP 2.93 Roy Halladay
90%
2006 5. TOR RHP 3.19 Roy Halladay
90%
2008 4. TOR RHP 2.78 Roy Halladay
90%
2009 7. TOR RHP 2.79 Roy Halladay
90%
2010 5. PHI RHP 2.44 Roy Halladay
90%
2011 2. PHI RHP 2.35 Roy Halladay
90%
2009 1. KCR RHP 2.16 Zack Greinke
90%
2013 5. LAD RHP 2.63 Zack Greinke
90%
2015 1. LAD RHP 1.66 Zack Greinke
90%
2017 10. ARI RHP 3.20 Zack Greinke
90%
2018 2. TBR LHP 1.89 Blake Snell
86%
2023 SDP LHP 2.25 Blake Snell
86%
2021 MIL RHP 2.43 Corbin Burnes
86%
2024 BAL RHP 2.92 Corbin Burnes
86%
2000 5. ATL RHP 3.00 Greg Maddux
86%
2001 4. ATL RHP 3.05 Greg Maddux
86%
2002 4. ATL RHP 2.62 Greg Maddux
86%
2005 10. ATL RHP 3.06 John Smoltz
86%
2006 10. ATL RHP 3.49 John Smoltz
86%
2007 7. ATL RHP 3.11 John Smoltz
86%
2010 2. FLA RHP 2.30 Josh Johnson
86%
2000 3. ARI LHP 2.64 Randy Johnson
86%
2001 1. ARI LHP 2.49 Randy Johnson
86%
2002 2. ARI LHP 2.32 Randy Johnson
86%
2004 2. ARI LHP 2.60 Randy Johnson
86%
2008 3. SFG RHP 2.62 Tim Lincecum
86%
2009 3. SFG RHP 2.48 Tim Lincecum
86%
2011 7. SFG RHP 2.74 Tim Lincecum
86%
2000 9. ATL LHP 3.40 Tom Glavine
86%
2002 8. ATL LHP 2.96 Tom Glavine
86%
2003 6. ARI RHP 2.84 Brandon Webb
81%
2006 4. ARI RHP 3.10 Brandon Webb
81%
2007 2. ARI RHP 3.01 Brandon Webb
81%
2008 2. CLE LHP 2.54 Cliff Lee
81%
2011 3. PHI LHP 2.40 Cliff Lee
81%
2013 10. PHI LHP 2.87 Cliff Lee
81%
2013 2. MIA RHP 2.19 Jose Fernández
81%
2016 7. MIA RHP 2.86 Jose Fernández
81%
2023 SFG RHP 3.25 Logan Webb
81%
2013 8. SFG LHP 2.77 Madison Bumgarner
81%
2016 4. SFG LHP 2.74 Madison Bumgarner
81%
2020 CLE RHP 1.63 Shane Bieber
81%
2002 5. OAK LHP 2.75 Barry Zito
76%
2006 6. CLE LHP 3.22 CC Sabathia
76%
2014 7. CLE RHP 2.44 Corey Kluber
76%
2017 1. CLE RHP 2.25 Corey Kluber
76%
2001 2. ARI RHP 2.98 Curt Schilling
76%
2003 8. ARI RHP 2.95 Curt Schilling
76%
2013 9. TEX RHP 2.83 Yu Darvish
76%
2020 CHC RHP 2.01 Yu Darvish
76%
2019 1. LAD LHP 2.32 Hyun Jin Ryu
71%
2020 TOR LHP 2.69 Hyun Jin Ryu
71%
2015 2. CHC RHP 1.77 Jake Arrieta
71%
2014 8. BOS/OAK LHP 2.46 Jon Lester
71%
2016 2. CHC LHP 2.44 Jon Lester
71%
2021 SFG RHP 2.81 Kevin Gausman
71%
2023 TOR RHP 3.16 Kevin Gausman
71%
2021 ATL LHP 3.04 Max Fried
71%
2022 ATL LHP 2.48 Max Fried
71%
2004 6. HOU RHP 2.98 Roger Clemens
71%
2005 1. HOU RHP 1.87 Roger Clemens
71%
2017 4. WSN RHP 2.52 Stephen Strasburg
71%
2018 4. PHI RHP 2.37 Aaron Nola
67%
2016 9. TOR RHP 3.00 Aaron Sanchez
67%
2013 4. DET RHP 2.57 Anibal Sánchez
67%
2010 7. TBR LHP 2.72 David Price
67%
2012 2. TBR LHP 2.56 David Price
67%
2015 4. DET/TOR LHP 2.45 David Price
67%
2022 CHW RHP 2.20 Dylan Cease
67%
2012 5. CIN RHP 2.78 Johnny Cueto
67%
2014 4. CIN RHP 2.25 Johnny Cueto
67%
2016 5. SFG RHP 2.79 Johnny Cueto
67%
2021 LAD LHP 2.96 Julio Urías
67%
2022 LAD LHP 2.16 Julio Urías
67%
2009 10. SFG RHP 2.89 Matt Cain
67%
2012 6. SFG RHP 2.79 Matt Cain
67%
2017 5. ARI LHP 2.89 Robbie Ray
67%
2021 TOR LHP 2.84 Robbie Ray
67%
2022 LAA RHP 2.33 Shohei Ohtani
67%
2022 ARI RHP 2.54 Zac Gallen
67%
2005 2. HOU LHP 2.39 Andy Pettitte
62%
2008 9. PHI LHP 3.09 Cole Hamels
62%
2011 8. PHI LHP 2.79 Cole Hamels
62%
2014 9. PHI LHP 2.46 Cole Hamels
62%
2011 5. LAA RHP 2.41 Jered Weaver
62%
2012 7. LAA RHP 2.81 Jered Weaver
62%
2023 SEA RHP 3.34 Luis Castillo
62%
2013 3. NYM RHP 2.27 Matt Harvey
62%
2015 8. NYM RHP 2.71 Matt Harvey
62%
2023 ARI RHP 3.29 Merrill Kelly
62%
2016 3. NYM RHP 2.60 Noah Syndergaard
62%
2024 KCR RHP 3.00 Seth Lugo
62%
2021 LAD RHP 2.47 Walker Buehler
62%
2021 MIL RHP 2.56 Brandon Woodruff
57%
2012 9. WSN LHP 2.89 Gio Gonzalez
57%
2017 7. WSN LHP 2.96 Gio Gonzalez
57%
2004 3. MIN LHP 2.61 Johan Santana
57%
2005 7. MIN LHP 2.87 Johan Santana
57%
2006 1. MIN LHP 2.77 Johan Santana
57%
2008 1. NYM LHP 2.53 Johan Santana
57%
2015 5. HOU LHP 2.48 Dallas Keuchel
52%
2020 CHW LHP 1.99 Dallas Keuchel
52%
2004 1. SDP RHP 2.27 Jake Peavy
52%
2005 8. SDP RHP 2.88 Jake Peavy
52%
2007 1. SDP RHP 2.54 Jake Peavy
52%
2008 5. SDP RHP 2.85 Jake Peavy
52%
2023 CHC LHP 3.06 Justin Steele
52%
2010 10. NYM RHP 2.84 RA Dickey
52%
2012 4. NYM RHP 2.73 RA Dickey
52%
2005 9. HOU RHP 2.94 Roy Oswalt
52%
2006 2. HOU RHP 2.98 Roy Oswalt
52%
2007 10. HOU RHP 3.18 Roy Oswalt
52%
2010 8. HOU/PHI RHP 2.76 Roy Oswalt
52%
2022 MIA RHP 2.28 Sandy Alcantara
52%
2015 9. OAK RHP 2.73 Sonny Gray
52%
2019 7. CIN RHP 2.87 Sonny Gray
52%
2023 MIN RHP 2.79 Sonny Gray
52%
2018 3. CLE RHP 2.21 Trevor Bauer
52%
2020 CIN RHP 1.73 Trevor Bauer
52%
2013 6. OAK RHP 2.65 Bartolo Colón
48%
2024 SEA RHP 2.94 Bryce Miller
48%
2019 10. TBR RHP 3.05 Charlie Morton
48%
2005 5. STL RHP 2.83 Chris Carpenter
48%
2006 3. STL RHP 3.09 Chris Carpenter
48%
2009 2. STL RHP 2.24 Chris Carpenter
48%
2007 3. LAA RHP 3.01 John Lackey
48%
2000 2. LAD RHP 2.58 Kevin Brown
48%
2003 3. LAD RHP 2.39 Kevin Brown
48%
2016 1. CHC RHP 2.13 Kyle Hendricks
48%
2001 7. NYY RHP 3.15 Mike Mussina
48%
2024 CHC LHP 2.91 Shota Imanaga
48%
2002 9. OAK RHP 2.98 Tim Hudson
48%
2003 5. OAK RHP 2.70 Tim Hudson
48%
2010 9. ATL RHP 2.83 Tim Hudson
48%
2015 10. STL RHP 2.77 John Lackey
43%
2005 3. FLA LHP 2.63 Dontrelle Willis
38%
2012 10. WSN RHP 2.94 Jordan Zimmermann
38%
2017 8. NYY RHP 2.98 Luis Severino
38%
2017 9. TOR RHP 3.09 Marcus Stroman
38%
2021 NYM RHP 3.02 Marcus Stroman
38%
2024 SDP RHP 2.95 Michael King
38%
2003 10. CHC RHP 3.11 Carlos Zambrano
33%
2004 5. CHC RHP 2.75 Carlos Zambrano
33%
2006 8. CHC RHP 3.41 Carlos Zambrano
33%
2010 3. BOS RHP 2.33 Clay Buchholz
33%
2011 10. SEA/DET RHP 2.83 Doug Fister
33%
2014 6. WSN RHP 2.41 Doug Fister
33%
2001 5. SEA RHP 3.05 Freddy García
33%
2019 6. STL RHP 2.75 Jack Flaherty
33%
2010 6. STL LHP 2.70 Jaime García
33%
2002 10. LAD LHP 3.00 Óliver Pérez
33%
2004 7. PIT LHP 2.98 Óliver Pérez
33%
2022 TBR LHP 2.54 Shane McClanahan
33%
2000 7. NYM LHP 3.20 Al Leiter
29%
2004 10. NYM LHP 3.21 Al Leiter
29%
2006 7. CIN RHP 3.29 Bronson Arroyo
29%
2002 3. BOS RHP 2.58 Derek Lowe
29%
2003 9. LAD RHP 3.09 Hideo Nomo
29%
2023 NYM RHP 2.98 Kodai Senga
29%
2001 10. SFG RHP 3.29 Russ Ortiz
29%
2011 6. SFG RHP 2.71 Ryan Vogelsong
29%
2022 LAD LHP 2.57 Tyler Anderson
29%
2022 TOR RHP 2.24 Alek Manoah
24%
2004 4. MIL RHP 2.70 Ben Sheets
24%
2008 8. MIL RHP 3.09 Ben Sheets
24%
2020 OAK RHP 2.29 Chris Bassitt
24%
2020 MIN RHP 2.70 Kenta Maeda
24%
2023 BAL RHP 2.83 Kyle Bradish
24%
2018 8. COL LHP 2.85 Kyle Freeland
24%
2003 4. CHC RHP 2.43 Mark Prior
24%
2018 7. STL RHP 2.83 Miles Mikolas
24%
2024 HOU RHP 2.80 Ronel Blanco
24%
2008 6. BOS RHP 2.90 Daisuke Matsuzaka
19%
2013 7. SEA RHP 2.66 Hisashi Iwakuma
19%
2011 9. TBR RHP 2.82 James Shields
19%
2003 2. SFG RHP 2.34 Jason Schmidt
19%
2004 9. SFG RHP 3.20 Jason Schmidt
19%
2001 9. STL RHP 3.16 Matt Morris
19%
2002 6. BOS RHP 2.81 Tim Wakefield
19%
2008 10. LAD RHP 3.14 Chad Billingsley
14%
2000 8. LAD RHP 3.27 Chan Ho Park
14%
2007 6. OAK RHP 3.07 Dan Haren
14%
2005 6. CLE RHP 2.86 Kevin Millwood
14%
2000 6. NYM LHP 3.14 Mike Hampton
14%
2019 5. ATL RHP 2.68 Mike Soroka
14%
2008 7. CHC RHP 2.96 Ryan Dempster
14%
2016 6. WSN RHP 2.83 Tanner Roark
14%
2007 4. LAD RHP 3.03 Brad Penny
10%
2006 9. SDP RHP 3.46 Chris Young
10%
2007 8. SDP RHP 3.12 Chris Young
10%
2001 6. STL RHP 3.09 Darryl Kile
10%
2020 SDP RHP 2.09 Dinelson Lamet
10%
2007 9. BAL LHP 3.16 Erik Bédard
10%
2003 7. CHW RHP 2.90 Esteban Loaiza
10%
2014 10. LAA RHP 2.61 Garrett Richards
10%
2009 5. ATL RHP 2.60 Jair Jurrjens
10%
2000 4. MIL RHP 2.66 Jeff D'Amico
10%
2012 8. STL RHP 2.86 Kyle Lohse
10%
2004 8. FLA RHP 3.00 Carl Pavano
5%
2009 9. ATL RHP 2.87 Javier Vázquez
5%
2001 8. MIN RHP 3.16 Joe Mays
5%
2001 3. ATL RHP 3.04 John Burkett
5%
2018 9. ATL RHP 2.85 Mike Foltynewicz
5%
2000 10. STL LHP 3.50 Rick Ankiel
0%
2020 SDP RHP 2.73 Zach Davies
0%
No matching quizzes found
Score Distribution
Percent of People with Each Score
Percentile by Number Answered
Your Score History
You have not taken this quiz